000 00361nam a2200133Ia 4500
008 220217s9999||||xx |||||||||||||| ||und||
020 _a9788131715109
082 _a621.384 5 TOG
100 _aToh, C.K
245 0 _aAd Hoc mobile wireless networks
260 _aPearson
_bNew Delhi
_c2012
300 _aXX, 302p.
_b350
650 _aWIRELESS COMMUNICATION
999 _c183633
_d183633